000
00257nam a2200121Ia 4500
100
_a
#N/A
942
_c
BK
654
_a
INDUSTRIAL PRODUCTS
245
_a
INDUSTRIAL PRODUCTS FINDER -ANNUAL 2002
260
_b
I.P.F.
082
_b
I.P.F.
546
_a
ENGLISH
999
_c
32055
_d
32055